| 000 | 00823nam a22002057a 4500 | ||
|---|---|---|---|
| 999 |
_c3431 _d3431 |
||
| 003 | AR-CdUCM | ||
| 008 | 190306b ||||| |||| 00| 0 spa d | ||
| 040 |
_aMUNICIPALIDAD PROVINCIAL DEL CUSCO _cBIBLIOTECA MUNICIPAL DEL CUSCO |
||
| 082 |
_a331.12 / _bCh29 |
||
| 100 |
_aChavez O'Brien, Eleana _911308 |
||
| 245 | _aEl mercado laboral en la ciudad de Arequipa / | ||
| 260 |
_aLima : _bM.J. Bustamante de la Fuente, _c1987. |
||
| 300 |
_a183 páginas ; _c20 cm. |
||
| 505 | _aUn problema de empleo -- La región sur: el mercado de trabajo y las características socio-económicas -- La estructura demográfica y los cambios ocurridos... | ||
| 650 |
_aeconomía arequipeña. _911309 |
||
| 650 |
_adesarrollo de arequipa. _911310 |
||
| 650 |
_aTrabajo en arequipa. _911311 |
||
| 942 |
_2ddc _cLIBROS |
||
| 945 |
_awfj _d2019-03-06 |
||